<?xml version="1.0" encoding="UTF-8"?>
<record
    xmlns:xsi="http://www.w3.org/2001/XMLSchema-instance"
    xsi:schemaLocation="http://www.loc.gov/MARC21/slim http://www.loc.gov/standards/marcxml/schema/MARC21slim.xsd"
    xmlns="http://www.loc.gov/MARC21/slim">

  <leader>03486nam a2200481Ii 4500</leader>
  <controlfield tag="001">DIGANT0390</controlfield>
  <controlfield tag="003">NyNyDIG</controlfield>
  <controlfield tag="008">170227s2015    sp a     ob   000 0 spa d</controlfield>
  <controlfield tag="006">m     o  d        </controlfield>
  <controlfield tag="007">cr |||||||||||</controlfield>
  <datafield tag="020" ind1=" " ind2=" ">
    <subfield code="z">9788416421190</subfield>
  </datafield>
  <datafield tag="020" ind1=" " ind2=" ">
    <subfield code="z">8416421196</subfield>
  </datafield>
  <datafield tag="035" ind1=" " ind2=" ">
    <subfield code="a">(OCoLC)979417999</subfield>
  </datafield>
  <datafield tag="040" ind1=" " ind2=" ">
    <subfield code="a">DGITA</subfield>
    <subfield code="b">eng</subfield>
    <subfield code="e">rda</subfield>
    <subfield code="e">pn</subfield>
    <subfield code="c">DGITA</subfield>
  </datafield>
  <datafield tag="043" ind1=" " ind2=" ">
    <subfield code="a">cl-----</subfield>
  </datafield>
  <datafield tag="050" ind1="1" ind2="4">
    <subfield code="a">F1415  eBook</subfield>
  </datafield>
  <datafield tag="245" ind1="0" ind2="0">
    <subfield code="a">Territorios y fronteras :</subfield>
    <subfield code="b">miradas desde las ciencias sociales y las humanidades /</subfield>
    <subfield code="c">Alexander Betancourt Mendieta, Jos&#xE9; Guadalupe Rivera Gonz&#xE1;lez (eds.) ; Alexander Betancourt Mendieta [and nine others].</subfield>
  </datafield>
  <datafield tag="250" ind1=" " ind2=" ">
    <subfield code="a">Primera edici&#xF3;n. </subfield>
  </datafield>
  <datafield tag="264" ind1=" " ind2="1">
    <subfield code="a">Barcelona :</subfield>
    <subfield code="b">Anthropos Editorial ;</subfield>
    <subfield code="a">San Luis Potos&#xED;, Mexico :</subfield>
    <subfield code="b">Universidad Aut&#xF3;noma de San Luis Potos&#xED;, Facultad de Ciencias Sociales y Humanidades,</subfield>
    <subfield code="c">2015.</subfield>
  </datafield>
  <datafield tag="300" ind1=" " ind2=" ">
    <subfield code="a">1 online resource :</subfield>
    <subfield code="b">illustrations.</subfield>
  </datafield>
  <datafield tag="336" ind1=" " ind2=" ">
    <subfield code="a">text</subfield>
    <subfield code="b">txt</subfield>
    <subfield code="2">rdacontent</subfield>
  </datafield>
  <datafield tag="337" ind1=" " ind2=" ">
    <subfield code="a">computer</subfield>
    <subfield code="b">c</subfield>
    <subfield code="2">rdamedia</subfield>
  </datafield>
  <datafield tag="338" ind1=" " ind2=" ">
    <subfield code="a">online resource</subfield>
    <subfield code="b">cr</subfield>
    <subfield code="2">rdacarrier</subfield>
  </datafield>
  <datafield tag="490" ind1="1" ind2=" ">
    <subfield code="a">Cuadernos A. Temas de innovaci&#xF3;n social ;</subfield>
    <subfield code="v">47.</subfield>
    <subfield code="a">Nuevos territorios</subfield>
  </datafield>
  <datafield tag="504" ind1=" " ind2=" ">
    <subfield code="a">Includes bibliographical references.</subfield>
  </datafield>
  <datafield tag="505" ind1="0" ind2=" ">
    <subfield code="a">Deslizamientos : desde la historia regional a la geograf&#xED;a cultural y la historia ecol&#xF3;gica / Horacio Crespo -- Territorios y paisajes de frontera en el Gran Septentri&#xF3;n Novohispano / Cynthia Radding -- Las fronteras agr&#xED;colas en la regi&#xF3;n centro de San Luis Potos&#xED; / Leonardo Ernesto M&#xE1;rquez Mireles -- La frontera esclavista en el norte de la Nueva Espa&#xF1;a : esclavos africanos y traficantes portugueses en San Luis Potos&#xED; (1592-1640) / Ram&#xF3;n Alejandro Montoya -- Territorio, informaci&#xF3;n y letras : las Juntas Auxiliares de la Sociedad Mexicana de Geograf&#xED;a y Estad&#xED;stica en San Luis Potos&#xED; / Alexander Betancourt Mendieta -- Frontera, regi&#xF3;n, zona fronteriza internacional : los conceptos cambiantes sobre los Llanos Orientales de Colombia desde 1980 / Jane M. Rausch -- Frontera, territorio y literatura / Gustavo Her&#xF3;n P&#xE9;rez Daniel -- Fronteras evanescentes y bisagras : aproximaciones a la reconfiguraci&#xF3;n del territorio a partir de las l&#xF3;gicas del trabajo, el parentesco y los rituales / Carlos Alberto Casas Mendoza -- Internet y su impacto entre las juventudes contempor&#xE1;neas : nuevas formas de interacci&#xF3;n en los espacios virtuales sin fronteras / Jos&#xE9; Guadalupe Rivera Gonz&#xE1;lez -- La otra frontera de Occidente / Luis Gerardo Morales Moreno.</subfield>
  </datafield>
  <datafield tag="588" ind1="0" ind2=" ">
    <subfield code="a">Online resource; title from PDF title page (Digitalia, viewed February 27, 2017)</subfield>
  </datafield>
  <datafield tag="650" ind1=" " ind2="0">
    <subfield code="a">Boundaries</subfield>
    <subfield code="x">Social aspects</subfield>
    <subfield code="z">Latin America.</subfield>
  </datafield>
  <datafield tag="650" ind1=" " ind2="0">
    <subfield code="a">Human territoriality</subfield>
    <subfield code="z">Latin America.</subfield>
  </datafield>
  <datafield tag="651" ind1=" " ind2="0">
    <subfield code="a">Latin America</subfield>
    <subfield code="x">Social conditions.</subfield>
  </datafield>
  <datafield tag="651" ind1=" " ind2="0">
    <subfield code="a">Latin America</subfield>
    <subfield code="x">Historiography.</subfield>
  </datafield>
  <datafield tag="651" ind1=" " ind2="0">
    <subfield code="a">Latin America</subfield>
    <subfield code="x">Territories and possessions.</subfield>
  </datafield>
  <datafield tag="655" ind1=" " ind2="0">
    <subfield code="a">Electronic books.</subfield>
  </datafield>
  <datafield tag="700" ind1="1" ind2=" ">
    <subfield code="a">Betancourt Mendieta, Alexander,</subfield>
    <subfield code="e">editor,</subfield>
    <subfield code="e">author.</subfield>
  </datafield>
  <datafield tag="700" ind1="1" ind2=" ">
    <subfield code="a">Rivera Gonz&#xE1;lez, Jos&#xE9; Guadalupe,</subfield>
    <subfield code="e">editor.</subfield>
  </datafield>
  <datafield tag="776" ind1="0" ind2="8">
    <subfield code="i">Print version:</subfield>
    <subfield code="t">Territorios y fronteras.</subfield>
    <subfield code="d">Barcelona : Anthropos Editorial ; San Luis Potos&#xED;, Mexico : Universidad Aut&#xF3;noma de San Luis Potos&#xED;, Facultad de Ciencias Sociales y Humanidades, 2015</subfield>
    <subfield code="z">9788416421190</subfield>
    <subfield code="w">(OCoLC)937391153</subfield>
  </datafield>
  <datafield tag="793" ind1="0" ind2=" ">
    <subfield code="g">Digitalia eBook Collection:</subfield>
    <subfield code="a">Anthropos</subfield>
  </datafield>
  <datafield tag="791" ind1="2" ind2=" ">
    <subfield code="a">Digitalia (Firm),</subfield>
    <subfield code="e">distributor.</subfield>
  </datafield>
  <datafield tag="830" ind1=" " ind2="0">
    <subfield code="a">Cuadernos A ;</subfield>
    <subfield code="v">47.</subfield>
  </datafield>
  <datafield tag="856" ind1="4" ind2="0">
    <subfield code="3">Digitalia Hisp&#xE1;nica</subfield>
    <subfield code="u">https://www.digitaliapublishing.com/a/41728/</subfield>
  </datafield>
  <datafield tag="910" ind1=" " ind2=" ">
    <subfield code="a">Premium collection: 2017</subfield>
  </datafield>
  <datafield tag="942" ind1=" " ind2=" ">
    <subfield code="c">RAA</subfield>
  </datafield>
  <datafield tag="952" ind1=" " ind2=" ">
    <subfield code="0">0</subfield>
    <subfield code="1">0</subfield>
    <subfield code="4">0</subfield>
    <subfield code="7">0</subfield>
    <subfield code="8">DEH</subfield>
    <subfield code="a">BD-UIN</subfield>
    <subfield code="b">BD-UIN</subfield>
    <subfield code="d">2025-04-25</subfield>
    <subfield code="l">0</subfield>
    <subfield code="r">2025-04-25</subfield>
    <subfield code="w">2025-04-25</subfield>
    <subfield code="y">RAA</subfield>
  </datafield>
  <datafield tag="999" ind1=" " ind2=" ">
    <subfield code="c">246737</subfield>
    <subfield code="d">246737</subfield>
  </datafield>
</record>
